Ochrana hospodárskej súťaže v právnom poriadku Slovenskej republiky (analýza so zameraním na podnety de lege ferenda)

Bibliographic Details
Main Authors: Drgonec, Ján (Author), Drgoncová, Jana (Author)
Format: Book
Language:Slovak
PhysicalDescription:82 s. 21 cm
Published: Bratislava Inštitút liberálnych štúdií 1996
ISBN:8088874017
Subjects:

MARC

LEADER 00000nam a2200000 a 4500
001 vtls001277065
003 SK-MaSNL
005 20260301195457.0
008 240313s1996 xo ad r yy slo
015 |a SNBA1997/1103159 
020 |a 8088874017 
035 |a SNK000228328 
035 |a urn:nbn:sk:snk-amk5yk 
035 |a urn:nbn:sk:snk-am004mb5 
035 |a 91B79DC4-B67C-4F02-B8AC-AB176E9E0965 
040 |a SNK  |b slo  |c SNK  |e AACR2 
041 0 |a slo 
044 |a xo  |c SK 
080 |a 339.13.012.42:347.7  |2 1981 
080 |a 347.7  |2 1981 
100 1 |a Drgonec, Ján  |4 aut  |9 277749 
245 1 0 |a Ochrana hospodárskej súťaže v právnom poriadku Slovenskej republiky  |b (analýza so zameraním na podnety de lege ferenda)  |c Ján Drgonec, Jana Drgoncová 
260 |a Bratislava  |b Inštitút liberálnych štúdií  |c 1996 
300 |a 82 s.  |c 21 cm 
500 |a 300 výt. 
504 |a Bibliogr. s. 81-82 
650 0 7 |a súťaž hospodárska  |x právo obchodné  |x štúdie  |2 SNK  |9 577462 
655 7 |a príručky  |2 SNK  |9 74364 
700 1 |a Drgoncová, Jana  |4 aut  |9 9931 
919 |a 80-88874-01-7 
958 |a TL 
958 |a NB 
999 |c 885913  |d 887843 
952 |t P60, <03>, [BOOK], {603}  |a SNK  |b SNK  |y PREZ  |7 0  |p 17A0069851  |o snkSC 93217  |i snkKSP 5506/97  |0 0  |1 0  |4 0  |d 1997-06-03  |f 1  |l 0  |r 2025-09-11 00:00:00  |w 2026-02-24 
952 |t P60, <04>, [BOOK], {604}  |a SNK  |b SNK  |y VYP  |7 0  |p 17A0069850  |o snkSC 93217 D1  |i snkKSP 5507/97  |0 0  |1 0  |4 0  |d 1997-06-03  |l 0  |r 2005-01-02 00:00:00  |w 2026-02-24 
952 |t P60, <09>, [BOOK], {629}  |a SNK  |b SNK  |y NEVYP  |7 0  |o snkD 103  |i snk928/970228  |0 0  |1 0  |4 0  |d 1997-02-26  |l 0  |r 2005-01-02 00:00:00  |w 2026-02-24